000 00273nam a2200097Ia 4500
001 650245
005 20250826154355.0
008 250824s9999 xx 000 0 und d
245 0 _aYÜZBAŞININ KIZI ANTİK OKUL KLASİKLERİ
_cPUŞKİN
260 _bANTİK DÜNYA KLASİKLERİ
999 _c650245
_d650245